[Event "Bundesliga 1999-2000"]
[Site "Neukoelln GER"]
[Date "2000.04.09"]
[Round "15"]
[White "Movsesian,S"]
[Black "Van der Sterren,P"]
[Result "1-0"]
[WhiteElo "2668"]
[BlackElo "2526"]

1.e4 c5 2.Nf3 e6 3.d4 cxd4 4.Nxd4 Nc6 5.Nc3 Qc7 6.Be3 a6 7.Be2 Nf6 8.a3 Be7
9.f4 d6 10.g4 h6 11.h4 Nxd4 12.Qxd4 e5 13.Qd2 Bxg4 14.Bxg4 Nxg4 15.O-O-O Nxe3
16.Qxe3 exf4 17.Qxf4 Rc8 18.Rd2 Qc4 19.Rf2 g5 20.Qf3 Qe6 21.hxg5 Bxg5+ 22.Kb1 O-O
23.Nd5 Rc4 24.Rg2 Kg7 25.Ne3 Qxe4 26.Qh3 Kf6 27.Nxc4 Qxc4 28.Rxg5 hxg5 29.Qh6+ Ke7
30.Re1+  1-0

[Event "Women's Open"]
[Site "St Petersburg RUS"]
[Date "2000.04.09"]
[Round "3"]
[White "Grigoreiva,E"]
[Black "Rubzova,T"]
[Result "1/2-1/2"]
[WhiteElo "2110"]
[BlackElo "2252"]

1.e4 c5 2.Nf3 e6 3.Nc3 Nc6 4.d4 cxd4 5.Nxd4 d6 6.Be3 Be7 7.Be2 a6 8.a4 Qc7
9.O-O Nf6 10.Kh1 O-O 11.f4 Re8 12.Bf3 Bd7 13.Qe1 Nxd4 14.Bxd4 Bc6 15.Qg3 b5
16.e5 dxe5 17.Bxe5 Qb7 18.Rae1 g6 19.f5 exf5 20.Bxc6 Qxc6 21.Rxf5 Nd7 22.Rff1 Nxe5
23.Rxe5 Bd6 24.Rxe8+ Rxe8 25.Qf2 Re7 26.axb5 axb5 27.Qf6 b4 28.Ne4 Qxe4 29.Qxd6 Re6
30.Qd8+ Kg7 31.Qd2 Qe2 32.Qd4+ Kg8 33.Qd8+ Re8 34.Qf6 Qc4 35.h3 Ra8 36.Rd1 h5
37.Rf1 Ra6 38.Qf3 Ra7 39.Qd1 Rd7 40.Qe1 Re7 41.Qd1 Rd7 42.Qe1 Re7 43.Qd1  1/2-1/2

[Event "Open"]
[Site "Dos Hermanas ESP"]
[Date "2000.04.10"]
[Round "4"]
[White "Ferrer Garcia,I"]
[Black "Pogorelov,R"]
[Result "1/2-1/2"]
[WhiteElo "2101"]
[BlackElo "2455"]

1.e4 c5 2.Nf3 Nc6 3.d4 cxd4 4.Nxd4 e6 5.Nc3 d6 6.g3 Nf6 7.Bg2 Bd7 8.Nb3 Be7
9.O-O O-O 10.g4 d5 11.exd5 Nxd5 12.Nxd5 exd5 13.h3 Be6 14.Be3 Rc8 15.f4 f6
16.Qd2 Qd7 17.c3 Rfd8 18.Nd4 Bf7 19.b4 Bg6 20.Rad1 Be4 21.Rfe1 f5 22.Nxf5 Bxf5
23.gxf5 Qxf5 24.Qd3 Qxd3 25.Rxd3 d4 26.Bxd4 Nxd4 27.Rxd4 Rxd4 28.cxd4 Bxb4
29.Bxb7 Rd8 30.Rd1 Bd6 31.Rf1 Bc7 32.d5 Rb8 33.Ba6 Rb2 34.Bc4 Kf8 35.Re1 Bxf4
36.Re2 Rb4 37.Bd3 Rd4 38.Bxh7 Rxd5 39.Be4 Rg5+ 40.Bg2 Bc7 41.Kf2 Bb6+ 42.Kf3 Kf7
43.Kf4 Ra5 44.Be4 Kf6 45.Rg2 g5+ 46.Kg4 Ra4 47.Kf3 Bc7 48.Bc6 Rf4+ 49.Ke2 Bb6
50.Bd7 Rd4 51.Bg4 Bc7 52.Ke3 Ra4 53.Rc2 Bf4+ 54.Kd3 Ke5 55.Rc5+ Kd6 56.Rc2 Be5
57.Ke3 Bd4+ 58.Kd3 Bb6 59.Rd2 Ba5 60.Rc2 Ra3+ 61.Ke4 Bc3 62.Kd3 Be5+ 63.Kc4 Bf4
64.Kb4 Ra6 65.Re2 Kd5 66.Bf3+ Kd4 67.Re4+ Kd3 68.Be2+ Kxe4 69.Bxa6 Be3  1/2-1/2

[Event "Chalapathi GM"]
[Site "Guntur, AP IND"]
[Date "2000.04.10"]
[Round "8"]
[White "Kunte,A"]
[Black "Sandipan,C"]
[Result "1/2-1/2"]
[WhiteElo "2487"]
[BlackElo "2424"]

1.e4 c5 2.Nf3 e6 3.d4 cxd4 4.Nxd4 Nc6 5.Nc3 Qc7 6.Be2 a6 7.O-O Nf6 8.Kh1 Be7
9.f4 d6 10.Be3 O-O 11.a4 Bd7 12.Nb3 b6 13.Bf3 Rfe8 14.g4 Bc8 15.g5 Nd7 16.Bg2 Rb8
17.Qe2 Bf8 18.Rad1 Bb7 19.Qf2 Nc5 20.Nc1 g6 21.N1a2 Bg7 22.Rd2 Ne7 23.Bd4 Bxd4
24.Rxd4 d5 25.f5 dxe4 26.fxg6 Nf5 27.gxh7+ Kh8 28.Rc4 Qe5 29.b4 Bd5 30.Nxd5 Qxd5
31.Qe2 Nd6 32.Rc3 Nxa4 33.Ra3 b5 34.Nc3 Nxc3 35.Rxc3 Qxg5 36.Bxe4 Qe5 37.Re3 Nc4
38.Rg3 f5 39.Bd3 Qxe2 40.Bxe2 Re7 41.Ra1 f4 42.Rc3 Ne3 43.Bf3 e5 44.Be4 Ng4
45.Kg2 Nf6 46.Kf3 Nxh7 47.Bxh7 Rxh7 48.Ke4 Rxh2 49.Kxe5 Rf8 50.Rf3 Re2+ 51.Kd4 Rd8+
52.Kc3  1/2-1/2

[Event "19th Open"]
[Site "Reykjavik ISL"]
[Date "2000.04.10"]
[Round "6"]
[White "Bykhovsky,An"]
[Black "Bjornsson,T"]
[Result "1/2-1/2"]
[WhiteElo "2409"]
[BlackElo "2224"]

1.e4 c5 2.Nf3 e6 3.d4 cxd4 4.Nxd4 Nc6 5.Nc3 a6 6.g3 Qc7 7.Bg2 Nf6 8.O-O Be7
9.Re1 d6 10.Nxc6 bxc6 11.e5 dxe5 12.Rxe5 Bb7 13.Re1 c5 14.Bf4 Qc8 15.Na4 Bxg2
16.Kxg2 Nd5 17.Qf3 Qc6 18.b3 g5 19.c4 Nxf4+ 20.gxf4 Qxf3+ 21.Kxf3 gxf4 22.Rad1 Rd8
23.Rxd8+ Kxd8 24.Re5 Bd6 25.Rh5 f5 26.Rg5 Re8 27.h4 Re7 28.h5  1/2-1/2

[Event "73rd City-ch"]
[Site "St Petersburg RUS"]
[Date "2000.04.10"]
[Round "8"]
[White "Sivokho,S"]
[Black "Shaposhnikov,E"]
[Result "0-1"]
[WhiteElo "2436"]
[BlackElo "2503"]

1.e4 c5 2.Nf3 e6 3.Nc3 Nc6 4.d4 cxd4 5.Nxd4 a6 6.g3 Qc7 7.Bg2 Nf6 8.O-O Bc5
9.Nxc6 dxc6 10.e5 Qxe5 11.Bf4 Qd4 12.Qe2 Be7 13.Rfd1 Qc5 14.Bc7 O-O 15.a4 a5
16.Ra3 e5 17.Rb3 Bg4 18.Bf3 Bxf3 19.Qxf3 e4 20.Qe2 Qf5 21.Bf4 Bb4 22.Na2 c5
23.Re3 Qe6 24.b3 Qh3 25.g4 Qh4 26.Bg3 Qg5 27.h4 Qxg4 28.Qxg4 Nxg4 29.Rxe4 f5
30.Re7 f4 31.Rdd7 Nf6 32.Rxg7+ Kh8 33.Rxb7 fxg3 34.fxg3 Bd2 35.Kg2 Rae8 36.Rgc7 Re2+
37.Kh3 Rg8 38.Re7 Rf2 39.Rf7 Rf3 40.Kh2 Be1 41.h5 Bxg3+ 42.Kg2 Rf2+ 43.Kg1 Rxc2  0-1

[Event "FSIMB April"]
[Site "Budapest HUN"]
[Date "2000.04.11"]
[Round "11"]
[White "Resika,N"]
[Black "Dolgener,T"]
[Result "1/2-1/2"]
[WhiteElo "2190"]
[BlackElo "2260"]

1.e4 c5 2.Nf3 Nc6 3.Nc3 e6 4.d4 cxd4 5.Nxd4 Nf6 6.Ndb5 d6 7.Bf4 e5 8.Bg5 a6
9.Na3 b5 10.Bxf6 gxf6 11.Nd5 f5 12.exf5 Bxf5 13.c3 Bg7 14.Nc2 Be6 15.Nce3 Ne7
16.g3 Nxd5 17.Nxd5 O-O 18.Bg2 a5 19.O-O Rb8 20.Qd2 Qd7 21.f4 f5 22.a3 Kh8
23.Rad1 e4 24.Rfe1  1/2-1/2

[Event "Open"]
[Site "Dos Hermanas ESP"]
[Date "2000.04.11"]
[Round "5"]
[White "Reinaldo Castineira,R"]
[Black "Miladinovic,I"]
[Result "0-1"]
[WhiteElo "2345"]
[BlackElo "2538"]

1.e4 c5 2.Nc3 Nc6 3.Nge2 e6 4.d4 cxd4 5.Nxd4 Qc7 6.Be3 a6 7.Bd3 Nf6 8.O-O h5
9.h3 b5 10.Nxc6 Qxc6 11.a3 Bb7 12.Re1 h4 13.Bd4 Be7 14.Qe2 Kf8 15.Rad1 Rc8
16.b4 d6 17.Nb1 e5 18.Bb2 Nh5 19.Nc3 Nf4 20.Qf3 Qd7 21.Nd5 Bxd5 22.exd5 f5
23.Bc1 Nxd3 24.cxd3 Bf6 25.Qe2 g6 26.Bb2 Kf7 27.f4 Rhe8 28.Qf2 Qb7 29.fxe5 dxe5
30.Rc1 Rxc1 31.Rxc1 Qxd5 32.Qa7+ Re7 33.Qxa6 Bg5 34.Qc6 Qxd3 35.Qc2 Be3+
36.Kh1 Qxc2 37.Rxc2 Rd7 38.g3 e4  0-1

[Event "Chalapathi GM"]
[Site "Guntur, AP IND"]
[Date "2000.04.11"]
[Round "9"]
[White "Saravanan,V"]
[Black "Fominyh,A"]
[Result "0-1"]
[WhiteElo "2412"]
[BlackElo "2551"]

1.e4 c5 2.Nf3 Nc6 3.d4 cxd4 4.Nxd4 e6 5.Nc3 Qc7 6.Be3 a6 7.Bd3 Nf6 8.O-O Bd6
9.h3 b5 10.Nxc6 Qxc6 11.a3 Be5 12.Re1 Bb7 13.Bd2 O-O 14.f4 Bd4+ 15.Kh1 d6
16.Qf3 Nd7 17.a4 b4 18.Nd1 a5 19.c3 bxc3 20.Bxc3 Bxc3 21.Nxc3 Nc5 22.Bb5 Qc7
23.f5 Qe7 24.Rad1 h6 25.Re2 Rfd8 26.Qf4 Rac8 27.fxe6 fxe6 28.Qg4 Qf6 29.Qg3 Qe5
30.Qxe5 dxe5 31.Red2 Rxd2 32.Rxd2 Kf8 33.Rd6 Ke7 34.Rb6 Ba8 35.Bc4 Nxe4 36.Bxe6 Rc6
37.Rb8 Nxc3 38.bxc3 Kxe6 39.Rxa8 Rc5 40.Ra7 g5 41.Ra6+ Kf5 42.Rxh6 Rc4 43.Ra6 Rxa4
44.c4 e4 45.Kg1 Kf4 46.c5 Ra1+ 47.Kf2 Ra2+ 48.Kf1 Ke3 49.Kg1 Ra1+ 50.Kh2 Kd4
51.c6 e3 52.c7 Rc1 53.Rd6+ Ke4 54.Re6+ Kd3 55.Rd6+ Ke2 56.Ra6 Rxc7 57.Rxa5 Kd2
58.Rd5+ Ke1 59.g3 Rf7 60.Kg2 Rf2+ 61.Kg1 e2 62.Rd8 Rf5 63.Kg2 Rc5 64.h4 g4
65.h5 Rxh5 66.Ra8 Rd5 67.Ra1+ Kd2 68.Ra2+ Ke3  0-1

[Event "Chalapathi GM"]
[Site "Guntur, AP IND"]
[Date "2000.04.12"]
[Round "10"]
[White "Thipsay,P"]
[Black "Sandipan,C"]
[Result "1-0"]
[WhiteElo "2475"]
[BlackElo "2424"]

1.e4 c5 2.Nf3 e6 3.d4 cxd4 4.Nxd4 Nc6 5.Nc3 Qc7 6.Be2 a6 7.Be3 Nf6 8.O-O Be7
9.f4 d6 10.Qe1 O-O 11.Qg3 Bd7 12.Rae1 Nxd4 13.Bxd4 Bc6 14.Bd3 b5 15.a3 Rad8
16.Kh1 Qb7 17.Qh3 g6 18.f5 e5 19.Be3 Qd7 20.Bg5 Rc8 21.Qh4 Qd8 22.Re3 h5
23.Ref3 Kg7 24.fxg6 fxg6 25.Nd5 Bxd5 26.exd5 Rc7 27.Bxf6+ Rxf6 28.Qe4 Qe8
29.h4 Qf7 30.Rxf6 Bxf6 31.Rf3 Kf8 32.Rg3 Be7 33.Rf3 Bf6 34.Qe3 Ke7 35.Qb6 Rd7
36.Be4 Qe8 37.g3 Qc8 38.Qf2 Qh8 39.Bxg6 Rc7 40.Qb6 Qc8 41.Kh2 Rc5 42.b4 Rc4
43.Bd3 Rc7 44.Qf2 Qh8 45.Rf5 Qh6 46.Qe2 Kf8 47.Rxh5 Qc1 48.Qf2 Rf7 49.Bg6 e4
50.Bxf7 Kxf7  1-0

[Event "Chalapathi GM"]
[Site "Guntur, AP IND"]
[Date "2000.04.14"]
[Round "12"]
[White "Prasad,D"]
[Black "Fominyh,A"]
[Result "1/2-1/2"]
[WhiteElo "2421"]
[BlackElo "2551"]

1.e4 c5 2.Nf3 Nc6 3.d4 cxd4 4.Nxd4 e6 5.Nc3 Qc7 6.Be2 a6 7.O-O Nf6 8.Be3 Bb4
9.Na4 Be7 10.c4 Nxe4 11.c5 O-O 12.Rc1 Rb8 13.g3 g6 14.Qc2 Nf6 15.Rfd1 Nd5
16.Bh6 Rd8 17.Bf3 Bf6 18.Nb3 b5 19.cxb6 Nxb6 20.Nac5 Be7 21.Nxd7 Bxd7 22.Bxc6 Bxc6
23.Rxd8+ Qxd8 24.Qxc6 Bf6 25.Bf4 e5 26.Be3 Bg5 27.Qe4 Bxe3 28.Qxe3 Qd5 29.Rc5 Qd1+
30.Kg2 Nd7 31.Rc7  1/2-1/2

[Event "Open"]
[Site "Dos Hermanas ESP"]
[Date "2000.04.15"]
[Round "9"]
[White "Colovic,A"]
[Black "Kogan,A"]
[Result "0-1"]
[WhiteElo "2414"]
[BlackElo "2483"]

1.e4 c5 2.Nf3 e6 3.d4 cxd4 4.Nxd4 Nc6 5.Nc3 Qc7 6.Be3 a6 7.Bd3 b5 8.Nxc6 Qxc6
9.O-O Bb7 10.a3 Nf6 11.Re1 h5 12.f3 Bc5 13.Qd2 d6 14.Rad1 h4 15.Bf1 Rc8 16.Bxc5 Qxc5+
17.Qd4 Ke7 18.Qxc5 Rxc5 19.Rd4 e5 20.Rd2 Rhc8 21.Red1 R8c6 22.Bd3 Rb6 23.Ne2 g5
24.c3 g4 25.Bb1 Rc8 26.Kf2 a5 27.Ke3 Rg8 28.Ba2 b4 29.axb4 axb4 30.cxb4 Rxb4
31.Nc3 h3 32.gxh3 gxf3 33.Rxd6 Rg2 34.R6d2 Rxb2 35.Rxb2 Rxb2 36.Rg1 f2 37.Rf1 Rc2
38.Nd5+ Nxd5+ 39.Bxd5 Bxd5 40.exd5 Kd6 41.Rd1 f5 42.h4 e4 43.Kf4 Rc3 44.h5 Rf3+
45.Kg5 e3  0-1

[Event "XVIII Open"]
[Site "Metz FRA"]
[Date "2000.04.19"]
[Round "5"]
[White "Midoux,S"]
[Black "Velcheva,M"]
[Result "1-0"]
[WhiteElo "2241"]
[BlackElo "2364"]

1.e4 c5 2.Nf3 e6 3.d4 cxd4 4.Nxd4 Nc6 5.Nc3 Qc7 6.Be3 a6 7.Be2 Nf6 8.a3 Be7
9.f4 d6 10.Qd2 O-O 11.O-O-O Bd7 12.g4 Nxd4 13.Bxd4 Bc6 14.Bf3 Rfd8 15.Qg2 e5
16.Be3 exf4 17.Bxf4 Nd7 18.g5 b5 19.Nd5 Bxd5 20.exd5 Qc4 21.Qd2 Rac8 22.Kb1 Ne5
23.Bxe5 dxe5 24.Rhe1 Bd6 25.Re4 Qc7 26.h4 Rf8 27.Bg4 Rce8 28.Rf1 Qe7 29.Re2 f6
30.Be6+ Kh8 31.Ref2 fxg5 32.Rf7 Rxf7 33.Rxf7 Qd8 34.Rd7 Qf6 35.hxg5 Qf1+
36.Ka2 Qc4+ 37.b3 Qc5 38.b4 Qc4+ 39.Kb2 Be7 40.Bf7 Qc8 41.Bxe8 Qxe8 42.Ra7 Qd8
43.d6  1-0

[Event "53rd ch-YUG (women)"]
[Site "Herceg Novi YUG"]
[Date "2000.04.21"]
[Round "11"]
[White "Stojanovic,Na"]
[Black "Todorovic,V"]
[Result "1-0"]
[WhiteElo "2101"]
[BlackElo "2151"]

1.e4 c5 2.Nf3 e6 3.d4 cxd4 4.Nxd4 Nc6 5.Nc3 d6 6.Be2 Nf6 7.O-O Be7 8.Be3 O-O
9.f4 e5 10.Nb3 exf4 11.Rxf4 Be6 12.Nd5 Bxd5 13.exd5 Ne5 14.c4 Nfd7 15.Qd2 Bg5
16.Rf5 Bxe3+ 17.Qxe3 Re8 18.Qd2 Rc8 19.Rc1 Ng6 20.Rcf1 Nde5 21.Kh1 Qh4 22.Nd4 Nxc4
23.Bxc4 Rxc4 24.Nb5 Rce4 25.Rxf7 Qg4 26.h3 Qg3 27.Qc3 Qe5 28.Qxe5 Nxe5 29.Rxb7 Nc4
30.Rff7 Re1+ 31.Kh2 Ne3 32.Rxg7+ Kh8 33.Rxh7+ Kg8 34.Rhg7+ Kh8 35.h4 Nf1+
36.Kh3 R1e3+ 37.g3 Re2 38.Nxd6 R8e3 39.Rh7+ Kg8 40.Rbg7+ Kf8 41.Rf7+ Kg8
42.Nf5 Rh2+ 43.Kg4 Re4+ 44.Kg5  1-0

[Event "XXXI Open"]
[Site "Mar del Plata ARG"]
[Date "2000.04.21"]
[Round "7"]
[White "Zarnicki,P"]
[Black "Needleman,A"]
[Result "0-1"]
[WhiteElo "2498"]
[BlackElo "2359"]

1.e4 c5 2.Nf3 e6 3.d4 cxd4 4.Nxd4 Nc6 5.Nc3 Qc7 6.Be3 a6 7.Bd3 Nf6 8.O-O Nxd4
9.Bxd4 Bc5 10.Bxc5 Qxc5 11.Kh1 O-O 12.f4 d6 13.Qf3 e5 14.Nd5 Nxd5 15.exd5 f5
16.fxe5 dxe5 17.Qe2 e4 18.Bc4 Qd6 19.Qe3 Bd7 20.Bb3 Rae8 21.g3 Qf6 22.Qa7 Kh8
23.c3 g5 24.Rae1 f4 25.gxf4 gxf4 26.Bc2 Bh3 27.Qxb7 Bxf1 28.Rxf1 Rg8 29.d6 Qg6  0-1

[Event "Doeberl Cup"]
[Site "Canbarra AUS"]
[Date "2000.04.22"]
[Round "4"]
[White "Wallace,JP"]
[Black "Johansen,D"]
[Result "0-1"]
[WhiteElo "2367"]
[BlackElo "2494"]

1.e4 c5 2.Nf3 e6 3.d4 cxd4 4.Nxd4 Nc6 5.Nc3 d6 6.g4 a6 7.Be3 Nge7 8.Nb3 b5
9.Qd2 Bb7 10.O-O-O Nc8 11.f4 Nb6 12.Nd4 Rc8 13.Qf2 Nxd4 14.Bxd4 Nc4 15.Bxc4 Rxc4
16.b3 Rc8 17.Rhe1 Be7 18.g5 O-O 19.Qh4 e5 20.Bxe5 Qa5 21.Nd5 Bxd5 22.Bb2 Qxa2
23.exd5 Rxc2+ 24.Kxc2 Rc8+ 25.Kd3 Qxb2 26.Rd2 Qxb3+ 27.Ke2 Bd8 28.Qg4 Qc4+
29.Kf2 Ba5 30.Qd7 Qxf4+ 31.Kg1 Rf8 32.Re8 Bb6+ 33.Kg2 Qxd2+ 34.Kh3 Qd3+ 35.Kg2 Qxd5+
36.Kg3 Qxg5+ 37.Kh3 Qh6+ 38.Kg2 g6  0-1

[Event "Open"]
[Site "Dubai UAE"]
[Date "2000.04.28"]
[Round "1"]
[White "Fouad,H"]
[Black "Al Modiahki,M"]
[Result "0-1"]
[WhiteElo "2151"]
[BlackElo "2538"]

1.e4 c5 2.Nf3 e6 3.d4 cxd4 4.Nxd4 Nc6 5.Nc3 Qc7 6.Be3 Nf6 7.Bd3 a6 8.Qe2 b5
9.a3 Bb7 10.Nxc6 Qxc6 11.Bd4 Rc8 12.O-O h5 13.f3 Bc5 14.Qe3 d6 15.a4 b4 16.Ne2 h4
17.Bxc5 Qxc5 18.Nd4 Nd7 19.Rfe1 h3 20.g3 Ne5 21.Kh1 d5 22.exd5 Nxd3 23.Qxd3 Qxd5
24.Re3 O-O 25.c3 Rfd8 26.Rae1 bxc3 27.bxc3 Qa2 28.Qf1 Qxa4 29.Qxh3 Bd5 30.Ne2 Qa5
31.Re5 Bxf3+  0-1

[Event "Open"]
[Site "Dubai UAE"]
[Date "2000.04.30"]
[Round "3"]
[White "Hakki,I"]
[Black "Al Modiahki,M"]
[Result "1/2-1/2"]
[WhiteElo "2405"]
[BlackElo "2538"]

1.e4 c5 2.Nf3 e6 3.Nc3 Nc6 4.d4 cxd4 5.Nxd4 Qc7 6.g3 a6 7.Bg2 Nf6 8.O-O Bc5
9.Nxc6 dxc6 10.Na4 Ba7 11.c4 Nd7 12.e5 O-O 13.Bf4 Nxe5 14.c5 f6 15.Re1 Bd7
16.Qc2 Rad8 17.b4 Be8 18.Bxe5 fxe5 19.Nc3 Bb8 20.a3 Qe7 21.Be4 h6 22.Bg6 Bxg6
23.Qxg6 Qf6 24.Qc2 Qf5 25.Ne4 Rd4 26.Re3 Bc7 27.Qe2 Rfd8 28.Re1 Qf7 29.h4 Rf8
30.Rb1 Qd7 31.Qg4 b5 32.Kg2 Qd5 33.Rbe1 a5 34.bxa5 Bxa5 35.R1e2 Rf5 36.h5 Qd8
37.Qh3 Bc7 38.f3 Qd7 39.Qg4 Qf7 40.a4 bxa4 41.Rb2 Qd7 42.Rb7 Qc8 43.Rb2 Rc4
44.Qg6 Rxe4 45.Rxe4 Rg5 46.Rxa4 Rxg6 47.hxg6 e4 48.fxe4 Qe8 49.Rb7 Qxg6 50.Rxc7 e5
51.Kf3 Qh5+ 52.Ke3 Qh2 53.Ra8+ Kh7 54.Rxc6 Qxg3+ 55.Kd2 Qf4+ 56.Kd3 Qf3+
57.Kc4 Qxe4+ 58.Kb5 Qd3+ 59.Kb6 e4 60.Rd6 Qb3+ 61.Kc7 Qf7+ 62.Rd7 Qf4+ 63.Kb6 e3
64.Re8 Qb4+ 65.Kc6 Qa4+ 66.Kd6 Qd4+ 67.Kc6 Qa4+ 68.Kd6 Qa6+ 69.c6 Qa3+ 70.Kc7 Qa7+
71.Kd6 Qa3+  1/2-1/2

[Event "Open"]
[Site "Dubai UAE"]
[Date "2000.05.02"]
[Round "5"]
[White "Mamedov,N"]
[Black "Al Modiahki,M"]
[Result "1/2-1/2"]
[WhiteElo "2341"]
[BlackElo "2538"]

1.e4 c5 2.Nf3 e6 3.d4 cxd4 4.Nxd4 Nc6 5.Nc3 Qc7 6.Be3 a6 7.Bd3 b5 8.O-O Bb7
9.Nb3 Ne5 10.Qe2 Nc4 11.Bxc4 bxc4 12.Nd2 Rc8 13.Na4 Nf6 14.Nb6 Rb8 15.Nbxc4 Nxe4
16.Nxe4 Bxe4 17.Bd4 Ba8 18.c3 Rb5 19.a4 Rg5 20.f3 Be7 21.Rf2 d6 22.f4 Rg6
23.Nb6 Bb7 24.Qc4 Qxc4 25.Nxc4 f5 26.Rd1 Kf7 27.Be3 Bd5 28.Nb6 Bc6 29.Rfd2 Rg4
30.Nc4 Bd5 31.h3 Rg6 32.Nb6 Bf3 33.Rc1 Bc6 34.b4 Rg3 35.Re1 Rb8 36.a5 Rd8
37.Kh2 Bh4 38.Ree2 g5 39.Rd4 gxf4 40.Bxf4 Rxc3 41.Rxd6 Rxd6 42.Bxd6 Bb5 43.Ra2 Bf6
44.Na4 Rd3 45.Bg3 e5 46.Nc5 Rd1 47.Rc2 h5 48.Bf2 e4 49.g3 e3 50.Bxe3 Bc6
51.Rg2 Bxg2 52.Kxg2 Rd6 53.Bf4 Rc6 54.Kf3 Bc3 55.Nd3 Rc4 56.Be3 Ke6 57.Nc5+ Kd5
58.Nxa6 Kc6 59.Nc5 Bxb4 60.Nd3 Kb5 61.Nf4 Rc3 62.Ke2 Rc2+ 63.Kf3 Bxa5 64.Nxh5 Kc4
65.Ng7 Kd5 66.Nxf5  1/2-1/2

[Event "Kaissa CC"]
[Site "Kharkov UKR"]
[Date "2000.05.03"]
[Round "6"]
[White "Arzumanian,G"]
[Black "Vorobiov,E"]
[Result "1/2-1/2"]
[WhiteElo "2326"]
[BlackElo "2500"]

1.e4 c5 2.Nf3 e6 3.d4 cxd4 4.Nxd4 Nc6 5.Nc3 Qc7 6.Be2 a6 7.O-O Nf6 8.Kh1 Be7
9.f4 d6 10.a4 O-O 11.Be3 Re8 12.a5 Nxa5 13.e5 Nd5 14.Nxe6 Bxe6 15.Nxd5 Bxd5
16.Qxd5 Nc6 17.e6 Bf6 18.f5 fxe6 19.fxe6 Nb4 20.Qd2 Qxc2 21.Bh5 Rxe6 22.Qxb4 Rxe3
23.Qxb7 Rf8 24.Qd5+ Kh8 25.Qxd6 Qc8 26.Qxa6  1/2-1/2

[Event "57th ch-POL"]
[Site "Plock POL"]
[Date "2000.05.03"]
[Round "6"]
[White "Gdanski,J"]
[Black "Hnydiuk,A"]
[Result "1/2-1/2"]
[WhiteElo "2535"]
[BlackElo "2352"]

1.e4 c5 2.Nf3 e6 3.d4 cxd4 4.Nxd4 Nc6 5.Nc3 Qc7 6.g3 a6 7.Bg2 Nf6 8.O-O Nxd4
9.Qxd4 Bc5 10.Bf4 d6 11.Qd2 h6 12.Na4 e5 13.Nxc5 dxc5 14.Be3 Ng4 15.Rad1 Be6
16.Qc3 Nxe3 17.Qxe3 Ke7 18.f4 f6 19.a3 Rad8 20.Bf3 Rxd1 21.Rxd1 Rd8 22.Rxd8 Kxd8
23.Kf2 Qd6 24.c3 Kc7 25.h4 Qb6 26.Qc1 Bd7 27.f5 Bc6 28.g4 Qb5 29.Qd2 Qc4
30.Qe3 Kd6 31.g5 hxg5 32.hxg5 Bb5 33.Qc1 Ke7 34.Kg3 Qd3 35.Kg4 Be8 36.b4 cxb4
37.cxb4 Bc6 38.Qc5+ Qd6 39.Qe3 Qd4 40.Qc1 Kf7 41.Kg3 fxg5 42.Qxg5 Qg1+ 43.Bg2 Bxe4
44.Qg6+ Kg8 45.Qe8+ Kh7 46.Qh5+ Kg8 47.Qe8+  1/2-1/2

[Event "3rd Open"]
[Site "Tanta City EGY"]
[Date "2000.05.03"]
[Round "1"]
[White "Salmensuu,O"]
[Black "Medvegy,N"]
[Result "1/2-1/2"]
[WhiteElo "2418"]
[BlackElo "2275"]

1.e4 c5 2.Nc3 e6 3.Nf3 Nc6 4.d4 cxd4 5.Nxd4 Nf6 6.Ndb5 d6 7.Bf4 e5 8.Bg5 a6
9.Na3 b5 10.Nd5 Be7 11.Bxf6 Bxf6 12.c3 Rb8 13.Bd3 Bg5 14.O-O O-O 15.Nc2 Be6
16.Ncb4 Nxb4 17.Nxb4 Qc8 18.Bc2 a5 19.Nd5 Qb7 20.Qh5 Bd8 21.Rad1 Rc8 22.Rd3 f5
23.Bb3 g6 24.Rg3 Kg7 25.exf5 Bxd5 26.Rxg6+ hxg6 27.Qxg6+ Kh8 28.Qh6+ Kg8
29.Qg6+ Kh8 30.Qh6+ Kg8 31.Qg6+  1/2-1/2

[Event "Open"]
[Site "Dubai UAE"]
[Date "2000.05.04"]
[Round "6"]
[White "Gashimov,V"]
[Black "Filippov,V"]
[Result "0-1"]
[WhiteElo "2426"]
[BlackElo "2584"]

1.e4 c5 2.Nf3 Nc6 3.Nc3 e6 4.d4 cxd4 5.Nxd4 Nf6 6.Nxc6 bxc6 7.e5 Nd5 8.Ne4 Qc7
9.f4 Qa5+ 10.Bd2 Qb6 11.Bd3 Be7 12.Qe2 a5 13.a3 Rb8 14.c4 Qxb2 15.O-O Qd4+
16.Kh1 Ba6 17.Rad1 Rb3 18.Rf3 a4 19.Ba5 Rxd3 20.Qxd3 Qxd3 21.Rdxd3 Bxc4 22.Rd4 Bb3
23.Nc3 O-O 24.Nxa4 Bxa4 25.Rxa4 Ra8 26.Rb3 h5  0-1

[Event "Open"]
[Site "Dubai UAE"]
[Date "2000.05.04"]
[Round "6"]
[White "Al Modiahki,M"]
[Black "Timoshenko,G"]
[Result "1/2-1/2"]
[WhiteElo "2538"]
[BlackElo "2584"]

1.e4 c5 2.Nf3 Nc6 3.Nc3 e6 4.d4 cxd4 5.Nxd4 Nf6 6.g3 d6 7.Bg2 Bd7 8.O-O a6
9.a4 Be7 10.Nb3 Na5 11.Nxa5 Qxa5 12.Bd2 Qc7 13.a5 O-O 14.Be3 Bc6 15.Bb6 Qc8
16.Re1 Nd7 17.Bd4 Qc7 18.Nd5 Bxd5 19.exd5 e5 20.Be3 f5 21.f4 Bf6 22.c3 Rae8
23.Bf2 Re7 24.Qc2 g6 25.b4 Rg7 26.Rac1 exf4 27.gxf4 g5 28.fxg5 Bxg5 29.Rcd1 Bf6
30.c4 Ne5 31.c5 Nf3+ 32.Kh1 Nxe1 33.Rxe1 dxc5 34.d6 Qc8  1/2-1/2

[Event "Kaissa CC"]
[Site "Kharkov UKR"]
[Date "2000.05.04"]
[Round "7"]
[White "Vorobiov,E"]
[Black "Budnikov,O"]
[Result "0-1"]
[WhiteElo "2500"]
[BlackElo "2363"]

1.e4 c5 2.Nf3 e6 3.Nc3 Nc6 4.d4 cxd4 5.Nxd4 Nf6 6.Ndb5 d6 7.Bf4 e5 8.Bg5 a6
9.Na3 b5 10.Bxf6 gxf6 11.Nd5 f5 12.c3 Bg7 13.exf5 Bxf5 14.Nc2 O-O 15.Nce3 Bg6
16.g3 f5 17.Bg2 Ra7 18.O-O f4 19.gxf4 exf4 20.Nxf4 Rxf4 21.Qd5+ Kh8 22.Qxc6 Be5
23.f3 Rg7 24.Rad1 Be8 25.Qd5 Qb6 26.Qd2 Rh4 27.Rf2 Bxh2+ 28.Kf1 b4 29.c4 Qc5
30.Qd5 Qc8 31.b3 Bc6 32.Qf5 Bd7 33.Qf6 Bg3 34.Rxd6 Rf4 35.Qh6 Qc5 36.Re2 Rh4
37.Rd5 Qf8 38.Rh5 Rf4 39.Rg5 Rxf3+ 40.Kg1 Rxg5 41.Qxg5 Bf4 42.Qd5 Rxe3  0-1

[Event "57th ch-POL"]
[Site "Plock POL"]
[Date "2000.05.05"]
[Round "8"]
[White "Socko,B"]
[Black "Hnydiuk,A"]
[Result "1-0"]
[WhiteElo "2556"]
[BlackElo "2352"]

1.e4 c5 2.Nf3 Nc6 3.d4 cxd4 4.Nxd4 e6 5.Nc3 a6 6.Be3 Nf6 7.Nxc6 bxc6 8.e5 Nd5
9.Nxd5 cxd5 10.Bd3 d6 11.f4 g6 12.O-O Bg7 13.Bd4 O-O 14.c3 Bd7 15.Qe2 Qb8
16.Bxa6 dxe5 17.fxe5 Rxa6 18.Qxa6 Bb5 19.Qd6 Bxf1 20.Qxb8 Rxb8 21.Kxf1 Rxb2
22.a4 Rb8 23.a5 f6 24.exf6 Bxf6 25.Bxf6 Rf8 26.Ke2  1-0

[Event "Israeli League"]
[Site "Ramat Aviv ISR"]
[Date "2000.05.05"]
[Round "10"]
[White "Beider,A"]
[Black "Katzir,M"]
[Result "1/2-1/2"]
[WhiteElo "2318"]
[BlackElo "2192"]

1.e4 c5 2.Nc3 e6 3.Nf3 Nc6 4.d4 cxd4 5.Nxd4 Qc7 6.Be2 a6 7.Be3 Nf6 8.O-O Bb4
9.Bg5 Be7 10.Kh1 O-O 11.f4 d6 12.Bf3 Rd8 13.Qd2 h6 14.Bxf6 Bxf6 15.Nxc6 bxc6
16.Qf2 Rb8 17.Rab1 Qb6 18.Qe1 d5 19.e5 Be7 20.Be2 Bb4 21.a3 Be7 22.b4 Qc7
23.Na4 c5 24.Qc3 c4 25.Qd4 Qc6 26.Nc3 Qb6 27.Rbd1 Qxd4 28.Rxd4 a5 29.bxa5 Bxa3
30.Rdd1 Ba6 31.f5 d4 32.Ne4 d3 33.cxd3 cxd3 34.Bg4 exf5 35.Bxf5 Rb5 36.Nd6 Rxe5
37.Nxf7 d2 38.Nxe5 Bxf1 39.Be6+ Kh7 40.Bc4 Bxc4 41.Nxc4 Bb4 42.Kg1 Rc8 43.Nb2 Rc1
44.Kf2 Bc3 45.a6 Bxb2 46.Rxd2 Be5 47.Ra2 Bd4+ 48.Kf3 Ba7 49.g3 Rf1+ 50.Kg2 Rf6
51.h3 Kg6 52.h4 h5 53.Ra5 Rf2+ 54.Kh3 Rf5 55.Ra3 Re5 56.Ra4 Re3 57.Ra5 Re2
58.Ra1 Kf6 59.Ra5 Re5 60.Rxe5 Kxe5 61.g4 hxg4+ 62.Kxg4 Kf6 63.h5 Bb8 64.Kh4 Ba7
65.Kg4 Bd4 66.Kh4 Kf7 67.Kg4 Kg8 68.Kh4 Kh7 69.Kg4 Kh6 70.Kh4 Kh7 71.Kg4 Kg8
72.Kh4 Kf7 73.Kg4 Kf6 74.Kh4 Kf5 75.h6  1/2-1/2

[Event "FSIM May"]
[Site "Budapest HUN"]
[Date "2000.05.06"]
[Round "1"]
[White "Pilgaard,K"]
[Black "Wolter,K"]
[Result "1-0"]
[WhiteElo "2377"]
[BlackElo "2356"]

1.e4 c5 2.Nf3 e6 3.d4 cxd4 4.Nxd4 Nc6 5.Nc3 Qc7 6.f4 a6 7.Nxc6 Qxc6 8.Bd3 b5
9.Qe2 Bb7 10.Bd2 b4 11.Nd5 f5 12.O-O-O Kf7 13.Nxb4 Bxb4 14.Bxb4 fxe4 15.Bc4 d5
16.Qh5+ g6 17.Qe5 Nh6 18.Bc3 Rhg8 19.Bb3 a5 20.Ba4 Qxa4 21.Qc7+ Kf8 22.Qxb7 Qe8
23.Qxh7 Nf7 24.g4 Qa4 25.Kb1 Rc8 26.Qh3 Nd6 27.Qh4 Qb5 28.Qf6+ Nf7 29.h4 Rc6
30.Qd4 Rc4 31.Qd2 a4 32.a3 Ke7 33.Bb4+ Kd7 34.g5 Nd6 35.h5 gxh5 36.Rxh5 Nf5
37.Rh7+ Kc8 38.Ra7 Kb8 39.Ra5 Qc6 40.b3 e3 41.Qh2 axb3 42.cxb3 Rxb4 43.axb4 Qc3
44.Rb5+  1-0

[Event "Julian Borowski A"]
[Site "Essen GER"]
[Date "2000.05.06"]
[Round "9"]
[White "Zvjaginsev,V"]
[Black "Milov,V"]
[Result "1-0"]
[WhiteElo "2641"]
[BlackElo "2653"]

1.e4 c5 2.Nf3 Nc6 3.Nc3 e6 4.d4 cxd4 5.Nxd4 Qc7 6.Be2 a6 7.O-O Nf6 8.Be3 d6
9.f4 Be7 10.Kh1 Bd7 11.Qe1 h5 12.Rd1 h4 13.h3 Rc8 14.a3 Nxd4 15.Bxd4 Bc6
16.Bf3 e5 17.Be3 Kf8 18.Qf2 Kg8 19.Rd2 Rf8 20.Rfd1 g6 21.Bb6 Qb8 22.Ba7 Qc7
23.Bb6 Qb8 24.Ba7 Qc8 25.Rxd6 Bxd6 26.Rxd6 Ne8 27.Rd1 f5 28.Qc5 Nf6 29.fxe5 Nxe4
30.Nxe4 fxe4 31.Bg4 Qe8 32.e6 Rh7 33.Qe5 b6 34.Bxb6 Qb8 35.Qxb8 Rxb8 36.Bc5 Rhb7
37.b4 Ba4 38.Rd6 Re8 39.c4 Bb3 40.Rd4 Bc2 41.Rd7 Rbb8 42.Bd4 e3 43.Rg7+ Kf8
44.Bf6 Rb6 45.e7+ Rxe7 46.Rxe7  1-0

[Event "Kaissa CC"]
[Site "Kharkov UKR"]
[Date "2000.05.06"]
[Round "8"]
[White "Ivanov,AnA"]
[Black "Vorobiov,E"]
[Result "1/2-1/2"]
[WhiteElo "2321"]
[BlackElo "2500"]

1.e4 c5 2.Nf3 e6 3.d4 cxd4 4.Nxd4 Nc6 5.Nc3 Qc7 6.Be3 a6 7.Bd3 Nf6 8.Nxc6 bxc6
9.O-O Be7 10.Na4 c5 11.c4 Bb7 12.Nc3 O-O 13.f4 d6 14.Qf3 Nd7 15.Qh3 Rfe8
16.Rad1 Nf8 17.Rd2 Bf6 18.Ne2 Bc6 19.b3 a5 20.a4 Qb7 21.e5 dxe5 22.fxe5 Bxe5
23.Bxc5 Ng6 24.Nd4 Bxd4+ 25.Bxd4 Rad8 26.Bxg6 hxg6 27.Rfd1 Rd7 28.Qg3 f6
29.Qxg6 Red8 30.Qg4 Kf7 31.Qh5+ Kg8 32.Qh3 e5 33.Qe6+ Kh7 34.Qh3+ Kg6 35.Be3 Qxb3
36.Qg4+ Kh7 37.Qf5+ Kg8 38.Qe6+ Kh7 39.Qh3+ Kg8 40.Qe6+  1/2-1/2